Universal Human Values and Professional Ethics (Record no. 12074)

MARC details
000 -LEADER
fixed length control field 00440nam a22001697a 4500
003 - CONTROL NUMBER IDENTIFIER
control field OSt
008 - FIXED-LENGTH DATA ELEMENTS--GENERAL INFORMATION
fixed length control field 230915b |||||||| |||| 00| 0 eng d
020 ## - INTERNATIONAL STANDARD BOOK NUMBER
International Standard Book Number 9789350147467
082 ## - DEWEY DECIMAL CLASSIFICATION NUMBER
Classification number 170 SOU
100 ## - MAIN ENTRY--PERSONAL NAME
Personal name SORYAN,Ritu
245 ## - TITLE STATEMENT
Title Universal Human Values and Professional Ethics
250 ## - EDITION STATEMENT
Edition statement 1st Ed
260 ## - PUBLICATION, DISTRIBUTION, ETC. (IMPRINT)
Place of publication, distribution, etc New Delhi
Name of publisher, distributor, etc Katsons
Date of publication, distribution, etc 2022
300 ## - PHYSICAL DESCRIPTION
Extent 300
650 ## - SUBJECT ADDED ENTRY--TOPICAL TERM
Topical term or geographic name as entry element Universal Human Values and Professional Ethics
942 ## - ADDED ENTRY ELEMENTS (KOHA)
Source of classification or shelving scheme Dewey Decimal Classification
Koha item type Text Books
Holdings
Withdrawn status Lost status Source of classification or shelving scheme Damaged status Not for loan Collection code Home library Current library Date acquired Source of acquisition Currency Cost, normal purchase price Bill Number Total Checkouts Full call number Acc. no. / Barcode Date last seen Actual Cost, discounted price Bill Date Koha item type Date last borrowed Checked out
    Dewey Decimal Classification     BCA PIET C-LIBRARY PIET C-LIBRARY 06/09/2023 Kriti Prakashan In Rupees 325.00 IN927   170 SOU BC2073 15/09/2023 240.50 06/09/2023 Text Books    
    Dewey Decimal Classification     BCA PIET C-LIBRARY PIET C-LIBRARY 06/09/2023 Kriti Prakashan In Rupees 325.00 IN927 3 170 SOU BC2074 15/04/2024 240.50 06/09/2023 Text Books 05/04/2024  
    Dewey Decimal Classification     BCA PIET C-LIBRARY PIET C-LIBRARY 06/09/2023 Kriti Prakashan In Rupees 325.00 IN927 2 170 SOU BC2075 20/12/2023 240.50 06/09/2023 Text Books 20/12/2023 17/06/2024
    Dewey Decimal Classification     BCA PIET C-LIBRARY PIET C-LIBRARY 06/09/2023 Kriti Prakashan In Rupees 325.00 IN927 3 170 SOU BC2076 11/10/2024 240.50 06/09/2023 Text Books 01/10/2024  
    Dewey Decimal Classification     BCA PIET C-LIBRARY PIET C-LIBRARY 06/09/2023 Kriti Prakashan In Rupees 325.00 IN927 2 170 SOU BC2077 11/11/2024 240.50 06/09/2023 Text Books 01/10/2024  

Design & Developed by: PIET Central Library
R70 Miles Stone Pattikalyana Samalkha Panipat 132102
mail ID :- [email protected], Phone No:- 0180-2569700 Ex.216